书目信息 |
| 书名: | Word Perfect 5.1 For Windows | |
| 作者: | Mary Alice Eisch. | |
| 分册号: | ||
| 分册名: | 出版地: | Cincinnati,Ohio : |
|
| 出版社: | South-Western Pub | |
| 出版时间: | 1993. | |
| 页数: | 415 p. ; | |
| 开本: | 29cm. | |
| 丛书名: | ||
| 中图分类号: | ||
| 科图分类号: | ||
| 其他分类号: | TP316.7 | |
| 主题词: | ||
| 电子资源: | ||
| 000 | 00407nam 2200145 a 4500 | |
| 001 | E0138143191 | |
| 005 | 2001120310354300 | |
| 008 | 011203s1993 00010 eng | |
| 020 | @a0-538-70908-1@bsoft | |
| 040 | @aPFT@beng | |
| 090 | @aTP316.7 | |
| 099 | @dTP316.7@eE36 | |
| 245 | @aWord Perfect 5.1 For Windows / @cMary Alice Eisch. | |
| 260 | @aCincinnati,Ohio :@bSouth-Western Pub.,@c1993. | |
| 300 | @a415 p. ;@c29cm. | |
| Word Perfect 5.1 For Windows / / Mary Alice Eisch.-Cincinnati,Ohio : : South-Western Pub., , 1993. |
| 415 p. ; ; 29cm. |
| ISBN 0-538-70908-1soft |
| ● |
| 相关链接 |
|
|
|
正题名:Word Perfect 5.1 For Windows
索取号:TP316.7/E36
 
预约/预借
| 序号 | 登录号 | 条形码 | 馆藏地/架位号 | 状态 | 备注 |
| 1 | 0417 | 300004171 | 自科库301/301自科库 57排7列4层/ [索取号:TP316.7/E36] | 在馆 |